000 00412 a2200145 4500
003 OSt
005 20240905151350.0
008 240131b |||||||| |||| 00| 0 eng d
040 _coclc
082 _a297.122
100 _aKathir,Ibn
_910515
245 _aTAFSIR AL QURAN AL ADHEEM / IBN KATHIR VOL-4
_cIbn Kathir
300 _a752p. ;
942 _2ddc
_cBK
_h297.122
_k297.122
_iKAT/T
_mKAT/T
999 _c43362
_d43362